[Event "Vaujany op 10th"]
[Site "Vaujany"]
[Date "2019.07.17"]
[Round "7"]
[White "Valles, Manuel"]
[Black "Gaborit, Jean Pierre"]
[Result "1-0"]
[WhiteElo "2390"]
[BlackElo "2180"]
[PlyCount "77"]
[EventDate "2019.07.11"]
[EventType "swiss"]
[EventRounds "9"]
[EventCountry "FRA"]
[SourceTitle "EXT 2020"]
[Source "ChessBase"]
[SourceDate "2019.10.17"]
[SourceVersion "1"]
[SourceVersionDate "2019.10.17"]
[SourceQuality "1"]

1. Nf3 Nf6 2. g3 g6 3. b3 Bg7 4. Bb2 0-0 5. Bg2 d5 6. c4 c6 7. 0-0 b6 8. d4 Bb7 9. Nc3 Nbd7 10. Qc2 e6 11. Rad1 Rc8 12. e4 dxe4 13. Nxe4 Nxe4 14. Qxe4 b5 15. cxb5 Nf6 16. Qd3 Qb6 17. a4 cxb5 18. Qxb5 Qxb5 19. axb5 Bd5 20. Ba3 Rfe8 21. Bc5 Rb8 22. Ra1 Rxb5 23. Rxa7 Ne4 24. b4 Nxc5 25. bxc5 Bxf3 26. Bxf3 Bxd4 27. Bc6 Reb8 28. Bxb5 Rxb5 29. Ra8+ Kg7 30. c6 Rc5 31. Rc8 Rc2 32. Kg2 f5 33. h4 h6 34. c7 e5 35. Kh1 g5 36. hxg5 hxg5 37. g4 f4 38. Kg2 e4 39. Rd8 1-0

[Event "Vaujany op-A 7th"]
[Site "Vaujany"]
[Date "2016.07.19"]
[Round "4"]
[White "Gaborit, Jean Pierre"]
[Black "Strohl, Antoine"]
[Result "1/2-1/2"]
[WhiteElo "2182"]
[BlackElo "1913"]
[PlyCount "59"]
[EventDate "2016.07.16"]
[EventType "swiss"]
[EventRounds "9"]
[EventCountry "FRA"]
[SourceTitle "EXT 2019"]
[Source "ChessBase"]
[SourceDate "2018.10.10"]
[SourceVersion "1"]
[SourceVersionDate "2018.10.10"]
[SourceQuality "1"]

1. d4 d5 2. Bg5 h6 3. Bh4 c6 4. Nf3 Qb6 5. b3 Bf5 6. e3 e6 7. Bd3 Bxd3 8. Qxd3 Be7 9. Bg3 Nf6 10. c4 Ne4 11. 0-0 Nxg3 12. hxg3 Nd7 13. c5 Qc7 14. Nc3 0-0 15. e4 dxe4 16. Qxe4 Rfd8 17. Rfe1 Nf6 18. Qe2 Qa5 19. Na4 Nd5 20. Nb2 Qc7 21. Rac1 Bf6 22. Nc4 Ne7 23. Red1 Nf5 24. Qe4 Rd5 25. g4 Nxd4 26. Nxd4 Rad8 27. Nd6 R8xd6 28. cxd6 Qxd6 29. Qf3 Bxd4 30. Re1 1/2-1/2

[Event "FRA-chT1A 1112"]
[Site "France"]
[Date "2012.01.14"]
[Round "6.5"]
[White "Bricard, Herve"]
[Black "Gaborit, Jean Pierre"]
[Result "0-1"]
[WhiteElo "2043"]
[BlackElo "2222"]
[PlyCount "68"]
[EventDate "2011.10.16"]
[EventType "team-tourn"]
[EventRounds "11"]
[EventCountry "FRA"]
[SourceTitle "EXT 2013"]
[Source "ChessBase"]
[SourceDate "2012.11.22"]
[SourceVersion "1"]
[SourceVersionDate "2012.11.22"]
[SourceQuality "1"]
[WhiteTeam "Loures Barousse"]
[BlackTeam "Tours"]
[WhiteTeamCountry "FRA"]
[BlackTeamCountry "FRA"]

1. e4 e6 2. d4 d5 3. e5 c5 4. c3 Ne7 5. Nf3 Nec6 6. a3 a5 7. b3 b6 8. Bd3 Ba6 9. 0-0 Be7 10. Ra2 b5 11. dxc5 b4 12. axb4 axb4 13. Re1 Bxd3 14. Rxa8 Bxb1 15. cxb4 Be4 16. b5 Nb4 17. c6 0-0 18. Be3 Nc2 19. Ba7 Nxe1 20. Rxb8 Qa5 21. Rb7 Bxf3 22. gxf3 Bb4 23. Bb8 Qd8 24. f4 Qh4 25. Bd6 Qxf4 26. Bxb4 Qxb4 27. c7 Qc3 28. b6 Nf3+ 29. Kh1 Nxe5 30. Rb8 Nd7 31. Rxf8+ Kxf8 32. Qd4 Qxd4 33. c8Q+ Ke7 34. b7 Qxf2 0-1

[Event "FRA-chT1A 1112"]
[Site "France"]
[Date "2011.11.12"]
[Round "2.6"]
[White "Gaborit, Jean Pierre"]
[Black "Picard, Clement"]
[Result "0-1"]
[WhiteElo "2222"]
[BlackElo "2183"]
[PlyCount "86"]
[EventDate "2011.10.16"]
[EventType "team-tourn"]
[EventRounds "11"]
[EventCountry "FRA"]
[SourceTitle "EXT 2013"]
[Source "ChessBase"]
[SourceDate "2012.11.22"]
[SourceVersion "1"]
[SourceVersionDate "2012.11.22"]
[SourceQuality "1"]
[WhiteTeam "Tours"]
[BlackTeam "Migne Auxences"]
[WhiteTeamCountry "FRA"]
[BlackTeamCountry "FRA"]

1. d4 e6 2. c4 Bb4+ 3. Bd2 Bxd2+ 4. Nxd2 d5 5. Ngf3 Nf6 6. e3 0-0 7. Qc2 Nbd7 8. Bd3 c6 9. 0-0 h6 10. Rfd1 Qe7 11. Qc3 Re8 12. e4 dxe4 13. Nxe4 c5 14. Nxc5 Nxc5 15. dxc5 Qxc5 16. b4 Qc7 17. Qe5 Qb6 18. a3 Ng4 19. Qd4 Qxd4 20. Nxd4 Bd7 21. c5 Ba4 22. Bb5 Bxd1 23. Bxe8 Rxe8 24. Rxd1 Rd8 25. Rd2 Ne5 26. Nb3 Rxd2 27. Nxd2 Kf8 28. f4 Nd3 29. Nc4 Nxf4 30. Nd6 b6 31. c6 Nd5 32. Nb5 Ke7 33. Nxa7 Kd6 34. Kf2 f5 35. Kf3 g5 36. g4 Ne7 37. gxf5 exf5 38. Nb5+ Kxc6 39. Nc3 Kd6 40. h3 Ke5 41. a4 Nc6 42. b5 Nd4+ 43. Kf2 Nb3 0-1

[Event "FRA-chT1A 1112"]
[Site "France"]
[Date "2011.10.16"]
[Round "1.5"]
[White "Careil, Jerome"]
[Black "Gaborit, Jean Pierre"]
[Result "1/2-1/2"]
[WhiteElo "2079"]
[BlackElo "2222"]
[PlyCount "80"]
[EventDate "2011.10.16"]
[EventType "team-tourn"]
[EventRounds "11"]
[EventCountry "FRA"]
[SourceTitle "EXT 2013"]
[Source "ChessBase"]
[SourceDate "2012.11.22"]
[SourceVersion "1"]
[SourceVersionDate "2012.11.22"]
[SourceQuality "1"]
[WhiteTeam "La Membrolle Choisille"]
[BlackTeam "Tours"]
[WhiteTeamCountry "FRA"]
[BlackTeamCountry "FRA"]

1. g3 Nf6 2. Bg2 d5 3. d3 g6 4. Nf3 Bg7 5. Nbd2 0-0 6. 0-0 c5 7. c4 d4 8. Rb1 Nc6 9. a3 a5 10. Ng5 h6 11. Nge4 Nd7 12. b4 cxb4 13. axb4 Nxb4 14. Nb3 Qc7 15. Ba3 Nc6 16. Nbc5 b6 17. Nxd7 Bxd7 18. c5 b5 19. Rxb5 Rab8 20. Rb6 Nb4 21. Rxb8 Rxb8 22. Qc1 Bc6 23. Qc4 Qb7 24. Bxb4 axb4 25. Rb1 Kf8 26. Bf3 Qb5 27. Qxb5 Rxb5 28. Nd6 exd6 29. Bxc6 Rxc5 30. Ba4 Rc7 31. Rxb4 f5 32. Rb8+ Ke7 33. Kg2 g5 34. f4 Ra7 35. Bc6 gxf4 36. gxf4 Ra2 37. Rb7+ Kf6 38. Bf3 Kg6 39. Rb6 Bf8 40. Rb4 Bg7 1/2-1/2

[Event "FRA-chT1 1011"]
[Site "France"]
[Date "2010.11.13"]
[Round "2.4"]
[White "Houska, Jovanka"]
[Black "Gaborit, Jean Pierre"]
[Result "1-0"]
[WhiteElo "2421"]
[BlackElo "2218"]
[PlyCount "201"]
[EventDate "2010.10.17"]
[EventType "team-tourn"]
[EventRounds "11"]
[EventCountry "FRA"]
[SourceTitle "EXT 2012"]
[Source "ChessBase"]
[SourceDate "2011.11.24"]
[SourceVersion "1"]
[SourceVersionDate "2011.11.24"]
[SourceQuality "1"]

1. d4 Nf6 2. Nf3 g6 3. c4 Bg7 4. g3 0-0 5. Bg2 c6 6. 0-0 d5 7. Qb3 dxc4 8. Qxc4 Be6 9. Qa4 b5 10. Qc2 Bf5 11. Qd1 Be4 12. Nc3 Bd5 13. Nxd5 cxd5 14. Ne5 Qb6 15. a4 e6 16. a5 Qb7 17. Nd3 Nfd7 18. e3 a6 19. Bd2 Nc6 20. Rc1 Rfc8 21. h4 Ne7 22. Qb3 Rxc1 23. Rxc1 Rc8 24. Rxc8+ Qxc8 25. Nb4 Nb8 26. Bf1 Bf8 27. h5 Nf5 28. hxg6 hxg6 29. Nd3 Nc6 30. Qc2 Qb7 31. Nc5 Qa8 32. Nd7 Bd6 33. Bg2 Kg7 34. Bc3 b4 35. Bd2 Nxa5 36. Bf1 Nc6 37. Qa4 Qc8 38. Nb6 Qc7 39. Qxa6 Nb8 40. Qb5 Qc2 41. Bxb4 Qxb2 42. Bxd6 Qxb5 43. Be5+ f6 44. Bxf6+ Kxf6 45. Bxb5 Nd6 46. Bd3 g5 47. Kg2 Nf5 48. Kh3 Nh6 49. Bb5 Ke7 50. Na4 Nd7 51. Bxd7 Kxd7 52. Nc5+ Ke7 53. Nd3 Kf6 54. Ne5 Nf5 55. Kg4 Nd6 56. Nd7+ Ke7 57. Nc5 Kf6 58. Kh5 Nc4 59. Nd7+ Ke7 60. Ne5 Nd2 61. Kg4 Kf6 62. Nd7+ Ke7 63. Nc5 Kf6 64. Kh5 Nf3 65. g4 Nd2 66. Kh6 Nf1 67. e4 Nd2 68. e5+ Kf7 69. Nb7 Nf3 70. Nd6+ Ke7 71. Nb5 Kf7 72. Nd6+ Ke7 73. Kg6 Nxd4 74. Kxg5 Nf3+ 75. Kf4 Nh4 76. Ke3 Ng2+ 77. Kf3 Nh4+ 78. Kg3 Ng6 79. f4 Kd7 80. Nb5 Ke8 81. Nd4 Kf7 82. Kf3 Nh4+ 83. Kf2 Ng6 84. Ke3 Nh4 85. Ne2 Ng2+ 86. Kd3 Ne1+ 87. Kd4 Ke7 88. Ng1 Ng2 89. Nh3 Nh4 90. Ng5 Kd7 91. Nh3 Kc6 92. Ng5 Kd7 93. Ke3 Ng2+ 94. Kf3 Nh4+ 95. Kg3 Ng6 96. Nf3 Ke7 97. f5 exf5 98. gxf5 Nf8 99. Kf4 Nd7 100. Nd4 Nc5 101. f6+ 1-0

[Event "FRA-chT2 0910"]
[Site "France"]
[Date "2010.03.13"]
[Round "8.7"]
[White "Gaborit, Jean Pierre"]
[Black "Imbert, Christophe"]
[Result "1-0"]
[WhiteElo "2215"]
[BlackElo "2101"]
[PlyCount "97"]
[EventDate "2009.09.27"]
[EventType "team-tourn"]
[EventRounds "11"]
[EventCountry "FRA"]
[SourceTitle "EXT 2011"]
[Source "ChessBase"]
[SourceDate "2010.11.26"]
[SourceVersion "1"]
[SourceVersionDate "2010.11.26"]
[SourceQuality "1"]

1. d4 Nf6 2. Bg5 Ne4 3. Bf4 c5 4. d5 e6 5. f3 Bd6 6. Bxd6 Nxd6 7. e4 e5 8. c4 0-0 9. Bd3 b5 10. Na3 f5 11. Nxb5 Nxb5 12. cxb5 fxe4 13. Bxe4 d6 14. Ne2 Qa5+ 15. Qd2 Qxb5 16. 0-0 Ba6 17. Rf2 Nd7 18. Nc3 Qb6 19. Qc2 Nf6 20. Kh1 Kh8 21. Bf5 c4 22. Rd1 Bc8 23. Be4 Bd7 24. Re2 Rae8 25. Rdd2 g6 26. Nd1 Kg7 27. Re1 Nxe4 28. Qxe4 Rf4 29. Qe3 Qxe3 30. Nxe3 Rc8 31. Nd1 Rc5 32. Re4 Rf8 33. Kg1 Bf5 34. Re3 Rb8 35. Ra3 Rb7 36. Ra6 Rd7 37. Nf2 g5 38. Ne4 Bxe4 39. fxe4 c3 40. bxc3 Rxc3 41. Kf2 Kf6 42. Rb2 h5 43. Ke2 g4 44. Kd2 Rc4 45. Kd3 Rd4+ 46. Kc3 Rxe4 47. Rf2+ Ke7 48. Rf5 h4 49. Rg5 1-0

[Event "FRA-chT2 0910"]
[Site "France"]
[Date "2009.12.13"]
[Round "6.3"]
[White "Renault, Fabien"]
[Black "Gaborit, Jean Pierre"]
[Result "1/2-1/2"]
[WhiteElo "2190"]
[BlackElo "2228"]
[PlyCount "47"]
[EventDate "2009.09.27"]
[EventType "team-tourn"]
[EventRounds "11"]
[EventCountry "FRA"]
[SourceTitle "EXT 2011"]
[Source "ChessBase"]
[SourceDate "2010.11.26"]
[SourceVersion "1"]
[SourceVersionDate "2010.11.26"]
[SourceQuality "1"]

1. e4 e6 2. d4 d5 3. exd5 exd5 4. Bf4 Bd6 5. Bxd6 Qxd6 6. c3 Bf5 7. Nf3 Ne7 8. Be2 0-0 9. 0-0 Ng6 10. g3 Re8 11. Re1 Nd7 12. Nbd2 Nb6 13. Qb3 Bg4 14. a4 a5 15. Bb5 Bd7 16. Nf1 Bxb5 17. Qxb5 Rxe1 18. Rxe1 Qd7 19. Qxd7 Nxd7 20. Ne3 Ne7 21. Nc4 Nf5 22. Ne3 Ne7 23. Nc4 Nf5 24. Ne3 1/2-1/2

[Event "FRA-chT2 0910"]
[Site "France"]
[Date "2009.10.17"]
[Round "2.1"]
[White "Bleunven, Andre"]
[Black "Gaborit, Jean Pierre"]
[Result "1/2-1/2"]
[WhiteElo "2293"]
[BlackElo "2228"]
[PlyCount "60"]
[EventDate "2009.09.27"]
[EventType "team-tourn"]
[EventRounds "11"]
[EventCountry "FRA"]
[SourceTitle "EXT 2011"]
[Source "ChessBase"]
[SourceDate "2010.11.26"]
[SourceVersion "1"]
[SourceVersionDate "2010.11.26"]
[SourceQuality "1"]

1. d4 Nf6 2. Nf3 g6 3. c4 Bg7 4. Nc3 d5 5. e3 0-0 6. Qb3 dxc4 7. Bxc4 c5 8. dxc5 Qa5 9. Bd2 Qxc5 10. Rc1 Nc6 11. Ne2 Qb6 12. Qxb6 axb6 13. Bc3 Na5 14. Bb5 Be6 15. a3 Rfc8 16. 0-0 Bc4 17. Bxc4 Nxc4 18. Rc2 Ne4 19. Bxg7 Kxg7 20. Rfc1 Ned6 21. Nc3 e6 22. Nb5 Nxb5 23. Rxc4 Nd6 24. Rxc8 Rxc8 25. Rxc8 Nxc8 26. Kf1 f6 27. Ke2 Kf7 28. Kd3 Ke7 29. Nd2 Kd7 30. a4 Ne7 1/2-1/2

[Event "FRA-chT2 West 0809"]
[Site "France"]
[Date "2009.04.04"]
[Round "10.4"]
[White "Barbet, Loic"]
[Black "Gaborit, Jean Pierre"]
[Result "0-1"]
[WhiteElo "2089"]
[BlackElo "2240"]
[PlyCount "164"]
[EventDate "2008.10.19"]
[EventType "team-tourn"]
[EventRounds "11"]
[EventCountry "FRA"]
[SourceTitle "EXT 2010"]
[Source "ChessBase"]
[SourceDate "2010.11.25"]
[SourceVersion "1"]
[SourceVersionDate "2010.11.25"]
[SourceQuality "1"]
[WhiteTeam "Agneaux Saint Lo"]
[BlackTeam "Tours"]
[WhiteTeamCountry "FRA"]
[BlackTeamCountry "FRA"]

1. e4 e6 2. d4 d5 3. Nc3 Bb4 4. Nge2 Nf6 5. Bg5 dxe4 6. a3 Be7 7. Bxf6 gxf6 8. Nxe4 b6 9. c4 Bb7 10. Qd3 Nd7 11. 0-0-0 c6 12. Qg3 f5 13. Nd6+ Bxd6 14. Qxd6 Qb8 15. Qxb8+ Rxb8 16. Nc3 Rg8 17. g3 Ke7 18. Bg2 Nf6 19. Rd2 h5 20. h4 f4 21. Ne2 fxg3 22. Nxg3 Rg4 23. Bf3 Rf4 24. Bxh5 Rh8 25. Bd1 Rhxh4 26. Rxh4 Rxh4 27. c5 Rf4 28. b4 Ba6 29. Kb2 Bc4 30. cxb6 axb6 31. a4 Kd6 32. Nh5 Nxh5 33. Bxh5 f6 34. Kc3 Bd5 35. a5 bxa5 36. bxa5 c5 37. dxc5+ Kxc5 38. Be8 Rf3+ 39. Kb2 Rb3+ 40. Kc1 Ra3 41. Rc2+ Kd6 42. Kd2 Rxa5 43. Rb2 Kc5 44. Bd7 f5 45. Ke3 Ra3+ 46. Kf4 Kd6 47. Be8 Rf3+ 48. Kg5 Ke5 49. Bh5 Rh3 50. Re2+ Kd6 51. Bf7 Bc4 52. Rd2+ Ke7 53. Bh5 Bd5 54. Bg6 Kd6 55. Bf7 Ke5 56. Re2+ Be4 57. Rd2 f4 58. Bxe6 Kxe6 59. Kxf4 Bd5 60. Kg4 Rh1 61. Kg5 Bf3 62. Kf4 Bd1 63. Rb2 Rh4+ 64. Ke3 Ba4 65. Rd2 Ke5 66. f4+ Ke6 67. Rd4 Rh3+ 68. Kf2 Bc6 69. Ke2 Kf5 70. Kd2 Be4 71. Kc1 Kxf4 72. Kb2 Ke3 73. Rd8 Rh5 74. Ka1 Rb5 75. Rd6 Bd5 76. Rd8 Kd4 77. Rc8 Bc4 78. Rh8 Kc3 79. Rh3+ Bd3 80. Rh2 Rb1+ 81. Ka2 Re1 82. Rh3 Re5 0-1

[Event "FRA-chT2 West 0809"]
[Site "France"]
[Date "2009.03.15"]
[Round "9.3"]
[White "Guyader, Thierry"]
[Black "Gaborit, Jean Pierre"]
[Result "0-1"]
[WhiteElo "2187"]
[BlackElo "2240"]
[PlyCount "62"]
[EventDate "2008.10.19"]
[EventType "team-tourn"]
[EventRounds "11"]
[EventCountry "FRA"]
[SourceTitle "EXT 2010"]
[Source "ChessBase"]
[SourceDate "2010.11.25"]
[SourceVersion "1"]
[SourceVersionDate "2010.11.25"]
[SourceQuality "1"]
[WhiteTeam "Quimper"]
[BlackTeam "Tours"]
[WhiteTeamCountry "FRA"]
[BlackTeamCountry "FRA"]

1. e4 e6 2. d4 d5 3. Nc3 Bb4 4. e5 c5 5. a3 Bxc3+ 6. bxc3 Qc7 7. Nf3 Ne7 8. a4 b6 9. Bb5+ Bd7 10. Bd3 Nbc6 11. 0-0 h6 12. Re1 0-0 13. Be3 cxd4 14. cxd4 Nb4 15. Qb1 Nxd3 16. cxd3 Rfc8 17. Bd2 Nc6 18. Rc1 Qd8 19. Rc2 Qe8 20. a5 bxa5 21. Bxa5 Rcb8 22. Qc1 Rb3 23. Rca2 Qb8 24. h3 Rxd3 25. Qc5 Rb3 26. Qd6 Qb7 27. Bd2 Be8 28. Bc1 Rd8 29. Rxa7 Qxa7 30. Rxa7 Rxd6 31. exd6 Nxa7 0-1

[Event "FRA-chT2 West 0809"]
[Site "France"]
[Date "2009.02.08"]
[Round "7.2"]
[White "Gaborit, Jean Pierre"]
[Black "Van Dongen, Patrick"]
[Result "0-1"]
[WhiteElo "2240"]
[BlackElo "2330"]
[PlyCount "78"]
[EventDate "2008.10.19"]
[EventType "team-tourn"]
[EventRounds "11"]
[EventCountry "FRA"]
[SourceTitle "EXT 2010"]
[Source "ChessBase"]
[SourceDate "2010.11.25"]
[SourceVersion "1"]
[SourceVersionDate "2010.11.25"]
[SourceQuality "1"]
[WhiteTeam "Tours"]
[BlackTeam "Le Chesnay"]
[WhiteTeamCountry "FRA"]
[BlackTeamCountry "FRA"]

1. d4 d5 2. Bg5 c6 3. Nf3 Qb6 4. Qc1 Bg4 5. Nbd2 Nd7 6. e3 e6 7. c4 Be7 8. Bf4 Ngf6 9. c5 Qd8 10. Bd3 Nh5 11. b4 Nxf4 12. exf4 Qc7 13. Ne5 Nxe5 14. fxe5 f6 15. Qc3 fxe5 16. dxe5 0-0 17. 0-0 Bg5 18. Rfe1 Qf7 19. f3 Bxd2 20. Qxd2 Bf5 21. Bxf5 Qxf5 22. a4 Qf4 23. Qb2 Rac8 24. Rad1 Qg5 25. Kh1 Rf4 26. Rd4 Rcf8 27. b5 Rxd4 28. Qxd4 Qf4 29. Qa1 Qb4 30. Rc1 Rf4 31. bxc6 bxc6 32. Rb1 Qxc5 33. Rb8+ Rf8 34. Rb7 Rd8 35. Qe1 d4 36. h3 d3 37. Qh4 Qf8 38. Qg4 d2 39. Qxe6+ Kh8 0-1

[Event "FRA-chT2 West 0809"]
[Site "France"]
[Date "2009.01.18"]
[Round "6.1"]
[White "Martinez, Jean Philippe"]
[Black "Gaborit, Jean Pierre"]
[Result "1-0"]
[WhiteElo "2076"]
[BlackElo "2240"]
[PlyCount "57"]
[EventDate "2008.10.19"]
[EventType "team-tourn"]
[EventRounds "11"]
[EventCountry "FRA"]
[SourceTitle "EXT 2010"]
[Source "ChessBase"]
[SourceDate "2010.11.25"]
[SourceVersion "1"]
[SourceVersionDate "2010.11.25"]
[SourceQuality "1"]
[WhiteTeam "Nantes II"]
[BlackTeam "Tours"]
[WhiteTeamCountry "FRA"]
[BlackTeamCountry "FRA"]

1. c4 Nf6 2. Nc3 d5 3. cxd5 Nxd5 4. g3 g6 5. Bg2 Nb6 6. Nf3 Nc6 7. d3 Bg7 8. Be3 0-0 9. Qc1 e5 10. Bh6 Bg4 11. Bxg7 Kxg7 12. h3 Bc8 13. 0-0 h6 14. Kh2 f5 15. b4 a6 16. a4 Qd6 17. b5 Na5 18. Qb2 Be6 19. Nd2 Rab8 20. f4 Kh7 21. fxe5 Qxe5 22. Qb4 Ra8 23. Qxa5 axb5 24. Qb4 bxa4 25. Nf3 Qa5 26. Qxa5 Rxa5 27. Nd4 Bd5 28. e4 c5 29. Nxd5 1-0

[Event "FRA-chT1A 0708"]
[Site "France"]
[Date "2007.10.21"]
[Round "1.5"]
[White "Fougerit, Valentin"]
[Black "Gaborit, Jean Pierre"]
[Result "1/2-1/2"]
[WhiteElo "2204"]
[BlackElo "2244"]
[PlyCount "49"]
[EventDate "2007.10.21"]
[EventType "team"]
[EventRounds "11"]
[EventCountry "FRA"]
[SourceTitle "EXT 2009"]
[Source "ChessBase"]
[SourceDate "2008.11.26"]
[SourceVersion "1"]
[SourceVersionDate "2008.11.26"]
[SourceQuality "1"]
[WhiteTeam "Migne Auxances"]
[BlackTeam "Tours"]
[WhiteTeamCountry "FRA"]
[BlackTeamCountry "FRA"]

1. e4 e6 2. d4 d5 3. Nd2 Nc6 4. Ngf3 Nf6 5. e5 Nd7 6. Be2 Be7 7. Nf1 0-0 8. c3 f6 9. exf6 Nxf6 10. Bg5 Bd7 11. Ne3 Be8 12. 0-0 Bh5 13. Nd2 Bxe2 14. Qxe2 e5 15. dxe5 Nxe5 16. Rae1 Nf7 17. Nf5 Nxg5 18. Qxe7 Rf7 19. Qe5 Nfe4 20. Nxe4 Nxe4 21. f3 Nf6 22. Qg3 Kh8 23. Re5 Qf8 24. Rfe1 Re8 25. Nd4 1/2-1/2

[Event "Avoine op 21th"]
[Site "Avoine"]
[Date "2006.07.26"]
[Round "5"]
[White "Gaborit, Jean Pierre"]
[Black "Lemoine, Thomas"]
[Result "1/2-1/2"]
[WhiteElo "2264"]
[BlackElo "1987"]
[PlyCount "136"]
[EventDate "2006.07.22"]
[EventType "swiss"]
[EventRounds "9"]
[EventCountry "FRA"]
[SourceTitle "EXT 2007"]
[Source "ChessBase"]
[SourceDate "2006.11.23"]
[SourceVersion "1"]
[SourceVersionDate "2006.11.23"]
[SourceQuality "1"]

1. d4 Nf6 2. c4 e6 3. Nc3 Bb4 4. e3 c5 5. Nge2 Ne4 6. Qc2 f5 7. a3 Bxc3+ 8. Nxc3 Nxc3 9. Qxc3 cxd4 10. Qxd4 Qe7 11. b3 Nc6 12. Qd2 0-0 13. Be2 b6 14. Bb2 Bb7 15. Rd1 Rfd8 16. b4 d5 17. cxd5 Rxd5 18. Qc3 Rxd1+ 19. Bxd1 Rc8 20. Bb3 Nd8 21. Qe5 Kf8 22. 0-0 Qg5 23. Qd6+ Kg8 24. Bxe6+ Nxe6 25. Qxe6+ Kf8 26. Qd6+ Kg8 27. e4 Re8 28. Qd7 Re7 29. Qd8+ Kf7 30. Bc1 Qg6 31. f3 Qe6 32. Bb2 Rd7 33. Qh8 Kg6 34. exf5+ Qxf5 35. Qe8+ Qf7 36. Qb8 h6 37. Qxa7 Qe6 38. Bc1 Kh7 39. Qa4 Qf5 40. Qb3 Bd5 41. Qe3 Bc4 42. Re1 b5 43. Bb2 Qg6 44. Bd4 Rd6 45. Qc3 Re6 46. Rxe6 Bxe6 47. h3 Bxh3 48. Qd2 Bf5 49. Kf2 Bc2 50. Qe3 Ba4 51. Qe5 h5 52. f4 Kg8 53. f5 Qf7 54. Kg3 Kh7 55. Kf4 Kg8 56. g3 Kh7 57. Kg5 Kg8 58. Bc3 Kh7 59. Ba1 Kg8 60. Bd4 Kh7 61. Qe6 Kg8 62. Qxf7+ Kxf7 63. Kxh5 Bd1+ 64. Kg5 Bc2 65. Kf4 g6 66. fxg6+ Kxg6 67. g4 Ba4 68. Be3 Bd1 1/2-1/2

[Event "Avoine op 21th"]
[Site "Avoine"]
[Date "2006.07.24"]
[Round "3"]
[White "Bry, Stephane"]
[Black "Gaborit, Jean Pierre"]
[Result "1/2-1/2"]
[WhiteElo "2063"]
[BlackElo "2264"]
[PlyCount "94"]
[EventDate "2006.07.22"]
[EventType "swiss"]
[EventRounds "9"]
[EventCountry "FRA"]
[SourceTitle "EXT 2007"]
[Source "ChessBase"]
[SourceDate "2006.11.23"]
[SourceVersion "1"]
[SourceVersionDate "2006.11.23"]
[SourceQuality "1"]

1. e4 e6 2. d4 d5 3. Nd2 Nc6 4. Ngf3 Nf6 5. e5 Nd7 6. Bb5 a6 7. Bxc6 bxc6 8. 0-0 c5 9. c4 Bb7 10. cxd5 Bxd5 11. Re1 cxd4 12. Nxd4 c5 13. N4f3 Be7 14. Ne4 0-0 15. Bf4 Rb8 16. b3 Rb4 17. Qc2 f5 18. exf6 Nxf6 19. Nxf6+ Bxf6 20. Be5 Rg4 21. Kf1 Bxe5 22. Rxe5 Rxg2 23. Rxd5 Qxd5 24. Kxg2 Qxf3+ 25. Kg1 Rf5 26. Rd1 Rg5+ 27. Kf1 Qh1+ 28. Ke2 Re5+ 29. Kd2 Rd5+ 30. Ke2 Rxd1 31. Qxd1 Qxd1+ 32. Kxd1 Kf7 33. Ke2 Ke7 34. Kd3 Kd6 35. Ke4 e5 36. Kd3 Kd5 37. h4 g6 38. f3 h6 39. a3 g5 40. hxg5 hxg5 41. b4 c4+ 42. Ke3 a5 43. bxa5 Kc6 44. Kd2 Kb5 45. Kc3 e4 46. fxe4 g4 47. e5 g3 1/2-1/2

[Event "FRA-chT2A 0506"]
[Site "France"]
[Date "2006.02.05"]
[Round "7.2"]
[White "Valuet, Bertrand"]
[Black "Gaborit, Jean Pierre"]
[Result "1-0"]
[WhiteElo "2315"]
[BlackElo "2284"]
[PlyCount "44"]
[EventDate "2005.10.27"]
[EventType "team-tourn"]
[EventRounds "11"]
[EventCountry "FRA"]
[SourceTitle "EXT 2006"]
[Source "ChessBase"]
[SourceDate "2005.11.24"]
[SourceVersion "1"]
[SourceVersionDate "2005.11.24"]
[SourceQuality "1"]
[WhiteTeam "Evry III"]
[BlackTeam "Tours"]
[WhiteTeamCountry "FRA"]
[BlackTeamCountry "FRA"]

1. d4 Nf6 2. c4 g6 3. Nc3 d5 4. cxd5 Nxd5 5. e4 Nxc3 6. bxc3 Bg7 7. Nf3 c5 8. Rb1 0-0 9. Be2 Qa5 10. Rb5 Qxc3+ 11. Bd2 Qa3 12. Ra5 Qb2 13. Rxc5 Na6 14. Rc2 Qa3 15. 0-0 Bg4 16. Bg5 Rfd8 17. d5 Rac8 18. h3 Bxf3 19. Bxf3 Bc3 20. Qc1 Qb4 21. a3 Qc5 22. d6 Bd2 1-0

[Event "FRA-chT2A 0506"]
[Site "France"]
[Date "2005.10.16"]
[Round "1.1"]
[White "Navrotescu, Catalin"]
[Black "Gaborit, Jean Pierre"]
[Result "1/2-1/2"]
[WhiteElo "2395"]
[BlackElo "2272"]
[PlyCount "80"]
[EventDate "2005.10.27"]
[EventType "team-tourn"]
[EventRounds "11"]
[EventCountry "FRA"]
[SourceTitle "EXT 2006"]
[Source "ChessBase"]
[SourceDate "2005.11.24"]
[SourceVersion "1"]
[SourceVersionDate "2005.11.24"]
[SourceQuality "1"]
[WhiteTeam "Saint Lo"]
[BlackTeam "Tours"]
[WhiteTeamCountry "FRA"]
[BlackTeamCountry "FRA"]

1. d4 Nf6 2. c4 g6 3. Nc3 d5 4. cxd5 Nxd5 5. e4 Nxc3 6. bxc3 Bg7 7. Nf3 c5 8. Rb1 0-0 9. Be2 Qa5 10. Rb5 Qxc3+ 11. Bd2 Qa3 12. Rxc5 Qxa2 13. 0-0 Na6 14. Bc4 Qa3 15. Ra5 Qd6 16. Qb3 Nc7 17. Bb4 Qd7 18. Ng5 Ne6 19. Nxe6 fxe6 20. d5 b6 21. Bb5 bxa5 22. Bxd7 axb4 23. Bxc8 Rfxc8 24. Qxb4 exd5 25. exd5 Bf6 26. d6 exd6 27. Qxd6 Rf8 28. Qa6 Rf7 29. Rd1 Raf8 30. g3 Bd8 31. f4 Bb6+ 32. Kg2 Rd8 33. Rxd8+ Bxd8 34. h4 Kg7 35. Qc8 Bf6 36. h5 Be7 37. Qc4 Bf6 38. h6+ Kxh6 39. Kf3 g5 40. Qc1 Rf8 1/2-1/2

[Event "Avoine op 20th"]
[Site "Avoine"]
[Date "2005.07.30"]
[Round "8"]
[White "Guignier, Nicolas"]
[Black "Gaborit, Jean Pierre"]
[Result "1/2-1/2"]
[WhiteElo "2065"]
[BlackElo "2265"]
[PlyCount "139"]
[EventDate "2005.07.23"]
[EventType "swiss"]
[EventRounds "9"]
[EventCountry "FRA"]
[SourceTitle "EXT 2007"]
[Source "ChessBase"]
[SourceDate "2006.11.23"]
[SourceVersion "1"]
[SourceVersionDate "2006.11.23"]
[SourceQuality "1"]

1. e4 e6 2. d4 d5 3. Nc3 Bb4 4. e5 Qd7 5. Bd2 b6 6. Nb5 Bf8 7. Nh3 c6 8. Nd6+ Bxd6 9. exd6 Qxd6 10. Qg4 Qf8 11. Qg3 f6 12. Qc7 Ne7 13. g4 Kf7 14. Rg1 h6 15. 0-0-0 Qd8 16. Qg3 Ba6 17. Bxa6 Nxa6 18. f4 Qd6 19. Rde1 Nc7 20. Qf3 c5 21. f5 cxd4 22. fxe6+ Nxe6 23. Re2 Nc6 24. Rge1 Rae8 25. Qf5 d3 26. Qxd3 Ned4 27. Rxe8 Rxe8 28. Rxe8 Kxe8 29. Nf4 Ne6 30. Qxd5 Qxd5 31. Nxd5 Ne5 32. h3 Ng5 33. Nf4 Kf7 34. Kd1 Ng6 35. Nxg6 Kxg6 36. h4 Ne4 37. h5+ Kf7 38. Be3 f5 39. gxf5 Ng3 40. c4 Nxh5 41. Bf2 Kf6 42. b4 Kxf5 43. a4 Nf4 44. Kd2 h5 45. c5 bxc5 46. Bxc5 a6 47. a5 Nd5 48. Kd3 Nc7 49. Ke3 g5 50. Kf3 Ke5 51. Kg3 Nb5 52. Be7 Kf5 53. Bc5 Nc3 54. Bf8 Ke4 55. Be7 Kd4 56. Kh3 Ne4 57. Bd8 Kc4 58. Be7 Kb5 59. Bf8 Nf2+ 60. Kg3 Nd3 61. Be7 g4 62. Kh4 Nf4 63. Kg3 Nd5 64. Bd6 Nxb4 65. Kh4 Kxa5 66. Kxh5 Kb5 67. Kxg4 a5 68. Kf3 Kc4 69. Ke2 a4 70. Bxb4 1/2-1/2